Les plus grandes villes d'Afrique A-Z - Statistiques

Statistiques générales
  • Ce quiz a été pris 119 fois
  • Le résultat moyen est 12 sur 24
Statistiques - réponses
Lettres Villes % Correct
A Alger | Accra
100%
L Le Caire | Lagos
98%
K Kinshasa | Khartoum
85%
T Tunis | Tripoli
85%
D Dar es Salaam | Dakar
81%
N Nairobi | N'Djaména
80%
J Johannesburg | Jinja
76%
Y Yaoundé | Yei
71%
C Casablanca | Cotonou
66%
B Bamako | Bénin
65%
P Pretoria | Port Harcourt
65%
H Harare | Huambo
53%
R Rabat | Rustenburg
53%
F Freetown | Fès
48%
W Warri | Windhoek
48%
O Ouagadougou | Oshogbo
47%
M Mbuji-Mayi | Maputo
36%
Z Zanzibar | Zinder
21%
I Ibadan | Ilorin
15%
E eKurhuleni | eMfuleni
2%
S Santa Cruz de Tenerife | Sétif
2%
G Goma | Garoua
1%
Q Quelimane | Quibala
1%
U Uige | uMhlathuze
1%
Aucun quiz correspondant
Distribution des résultats
% des personnes avec chaque résultat
Percentile par nombre de réponses
Votre historique - résultats
Vous n’avez pas pris ce quiz